| 000 | 00831nam a2200217Ia 4500 | ||
|---|---|---|---|
| 999 |
_c39672 _d39672 |
||
| 001 | 6275 | ||
| 003 | GE_BSU | ||
| 005 | 20191011170829.0 | ||
| 008 | 181216s1983||||ge |||||||||||||| ||ge || | ||
| 040 | _cGE_BSU | ||
| 041 | _ageo | ||
| 080 | _a821.353.1-1 ბ-24 | ||
| 100 |
_aბერიაშილი, ბერდია. _94708 |
||
| 245 |
_aღია ფანჯრიდან : _bლექსები / _cბერდია ბერიაშილი ; რედ. ირ. არაბული. |
||
| 264 |
_aთბილისი : _bსაბჭ.საქართველო ; _c1983. |
||
| 300 |
_a134 გვ. ; _c20 სმ. |
||
| 653 | _aღია ფანჯრიდან | ||
| 653 | _aლექსები | ||
| 700 |
_aარაბული, ირ. _eრედაქტორი _94709 |
||
| 942 |
_cBK _2udc |
||